<?xml version="1.0" encoding="UTF-8"?>
<record
    xmlns:xsi="http://www.w3.org/2001/XMLSchema-instance"
    xsi:schemaLocation="http://www.loc.gov/MARC21/slim http://www.loc.gov/standards/marcxml/schema/MARC21slim.xsd"
    xmlns="http://www.loc.gov/MARC21/slim">

  <leader>00990nam a2200229 a 4500</leader>
  <controlfield tag="001">43837</controlfield>
  <controlfield tag="003">BD-RjUL</controlfield>
  <controlfield tag="005">20211209053747.0</controlfield>
  <controlfield tag="008">160628s1963    bg ||||| |||| 00| 0 be  d</controlfield>
  <datafield tag="035" ind1=" " ind2=" ">
    <subfield code="a">(BD-RjUL)43955</subfield>
  </datafield>
  <datafield tag="040" ind1=" " ind2=" ">
    <subfield code="a">BD-RjUL</subfield>
    <subfield code="b">ben</subfield>
    <subfield code="c">BD-RjUL</subfield>
  </datafield>
  <datafield tag="041" ind1=" " ind2=" ">
    <subfield code="a">ben</subfield>
  </datafield>
  <datafield tag="082" ind1=" " ind2=" ">
    <subfield code="2">23</subfield>
    <subfield code="a">B 297.648</subfield>
    <subfield code="b">SAH 1963</subfield>
  </datafield>
  <datafield tag="245" ind1=" " ind2=" ">
    <subfield code="a">&#x99B;&#x9BE;&#x9B9;&#x9BE;&#x9AC;&#x9BE; &#x995;&#x9BE;&#x9B9;&#x9BF;&#x9A8;&#x9C0; /</subfield>
    <subfield code="c">&#x985;&#x9A8;&#x9C1;&#x9AC;&#x9BE;&#x9A6; : &#x9AE;&#x9C1;&#x99B;&#x9B2;&#x9C7;&#x9B9;&#x9C1;&#x9A6;&#x9CD;&#x9A6;&#x9C0;&#x9A8;, &#x9AE;&#x9CB;&#x9B9;&#x9BE;&#x9AE;&#x9CD;&#x9AE;&#x9A6; &#x9AE;&#x9CB;&#x99C;&#x9BE;&#x9AB;&#x9CD;&#x200C;&#x9AB;&#x9B0; &#x9B9;&#x9CB;&#x99B;&#x9BE;&#x987;&#x9A8;. </subfield>
  </datafield>
  <datafield tag="260" ind1=" " ind2=" ">
    <subfield code="a">&#x9A2;&#x9BE;&#x995;&#x9BE; :</subfield>
    <subfield code="b">&#x98F;&#x9AE;&#x9A6;&#x9BE;&#x9A6;&#x9BF;&#x9AF;&#x9BC;&#x9BE; &#x9B2;&#x9BE;&#x987;&#x9AC;&#x9CD;&#x9B0;&#x9C7;&#x9B0;&#x9C0;,</subfield>
    <subfield code="c">&#x9E7;&#x9EF;&#x9EC;&#x9E9;</subfield>
  </datafield>
  <datafield tag="300" ind1=" " ind2=" ">
    <subfield code="a">&#x9EA;&#x9ED;&#x9E7; &#x9AA;&#x9C3;. ;</subfield>
    <subfield code="c">&#x9E7;&#x9ED; &#x9B8;&#x9C7;&#x9AE;&#x9BF;.</subfield>
  </datafield>
  <datafield tag="600" ind1=" " ind2=" ">
    <subfield code="a">&#x9AE;&#x9C1;&#x9B9;&#x9BE;&#x9AE;&#x9CD;&#x9AE;&#x9A6; (&#x9B8;&#x9BE;&#x983;) </subfield>
    <subfield code="x">&#x99B;&#x9BE;&#x9B9;&#x9BE;&#x9AC;&#x9BE;</subfield>
    <subfield code="y">&#x9EC;&#x9E9;&#x9E8;</subfield>
    <subfield code="9">134730</subfield>
  </datafield>
  <datafield tag="600" ind1=" " ind2=" ">
    <subfield code="a">Muhammad Prophet</subfield>
    <subfield code="x">companions</subfield>
    <subfield code="y">632</subfield>
    <subfield code="9">134731</subfield>
  </datafield>
  <datafield tag="700" ind1=" " ind2=" ">
    <subfield code="a">&#x9AE;&#x9C1;&#x99B;&#x9B2;&#x9C7;&#x9B9;&#x9C1;&#x9A6;&#x9CD;&#x9A6;&#x9C0;&#x9A8;.</subfield>
    <subfield code="9">134732</subfield>
  </datafield>
  <datafield tag="700" ind1=" " ind2=" ">
    <subfield code="a">&#x9B9;&#x9CB;&#x99B;&#x9BE;&#x987;&#x9A8;, &#x9AE;&#x9CB;&#x9B9;&#x9BE;&#x9AE;&#x9CD;&#x9AE;&#x9A6; &#x9AE;&#x9CB;&#x99C;&#x9BE;&#x9AB;&#x9CD;&#x200C;&#x9AB;&#x9B0;.</subfield>
    <subfield code="9">134733</subfield>
  </datafield>
  <datafield tag="942" ind1=" " ind2=" ">
    <subfield code="2">ddc</subfield>
    <subfield code="c">BK</subfield>
  </datafield>
  <datafield tag="999" ind1=" " ind2=" ">
    <subfield code="c">43837</subfield>
    <subfield code="d">43837</subfield>
  </datafield>
  <datafield tag="952" ind1=" " ind2=" ">
    <subfield code="0">0</subfield>
    <subfield code="1">0</subfield>
    <subfield code="2">ddc</subfield>
    <subfield code="4">0</subfield>
    <subfield code="7">0</subfield>
    <subfield code="8">NFIC</subfield>
    <subfield code="a">RUCL</subfield>
    <subfield code="b">RUCL</subfield>
    <subfield code="c">Stack</subfield>
    <subfield code="d">1967-02-20</subfield>
    <subfield code="e">Faruk Library, Rajshahi</subfield>
    <subfield code="g">5.25</subfield>
    <subfield code="l">0</subfield>
    <subfield code="o">B 297.648 SAH 1963</subfield>
    <subfield code="r">2016-06-28 00:00:00</subfield>
    <subfield code="t">C-2</subfield>
    <subfield code="w">2021-12-09</subfield>
    <subfield code="y">BK</subfield>
  </datafield>
  <datafield tag="952" ind1=" " ind2=" ">
    <subfield code="0">0</subfield>
    <subfield code="1">0</subfield>
    <subfield code="2">ddc</subfield>
    <subfield code="4">0</subfield>
    <subfield code="7">1</subfield>
    <subfield code="8">NFIC</subfield>
    <subfield code="a">RUCL</subfield>
    <subfield code="b">RUCL</subfield>
    <subfield code="c">Reading</subfield>
    <subfield code="d">1967-02-27</subfield>
    <subfield code="e">N/A</subfield>
    <subfield code="g">5.25</subfield>
    <subfield code="l">0</subfield>
    <subfield code="o">B 297.648 SAH 1963</subfield>
    <subfield code="r">2016-12-08 00:00:00</subfield>
    <subfield code="t">C-1</subfield>
    <subfield code="w">2016-12-08</subfield>
    <subfield code="y">BK</subfield>
  </datafield>
</record>
